| 000 | 01791 a2200277 4500 | ||
|---|---|---|---|
| 003 | Nust | ||
| 005 | 20170207165831.0 | ||
| 010 | _a 2005051548 | ||
| 020 | _a1403936382 (hardback) | ||
| 020 | _a9781403936387 (hardback) | ||
| 040 | _cNust | ||
| 082 | 0 | 0 | _a332.0941540954,DUR |
| 100 | 1 | _aDurrani, Mansoor, | |
| 245 | 1 | 0 |
_aVenture capital, Islamic finance and SMEs :(E-BOOK) _bvaluation, structuring and monitoring practices in India / _cMansoor Durrani and Grahame Boocock. |
| 260 |
_aHoundmills, Basingstoke, Hampshire ; _aNew York : _bPalgrave Macmillan, _c2006. |
||
| 300 |
_axvi, 223 p. : _bill. ; _c22 cm. |
||
| 505 | _aChapter 1 Introduction (page-1) Chapter 2 An Introduction to the Small Business Sector (page-5) Chapter 3 Barriers to Growth in SMEs (page-20) Chapter 4 An Introduction to Venture Capital (page-35) Chapter 5 Venture Capital: Theoretical Foundations for Research (page-52) Chapter 6 An Introduction to India: The Economy, Financial System, SMEs and Venture Capital (page-72) Chapter 7 Venture Capital in India: The Analytical Framework (page-98) Chapter 8 Venture Capital in India: Research Methodology and Findings (page-122) Chapter 9 Business Ethics and Venture Capital in Islam (page-148) Chapter 10 Conclusions (page-170) | ||
| 650 | 0 |
_aFinance _xReligious aspects _xIslam. |
|
| 650 | 0 |
_aFinance _zIslamic countries. |
|
| 650 | 0 |
_aSmall business _xFinance _zIndia. |
|
| 650 | 0 |
_aVenture capital _zIndia. |
|
| 700 | 1 |
_aBoocock, Grahame, _d1952- |
|
| 856 | 4 | 2 |
_3Contributor biographical information _uhttp://www.loc.gov/catdir/enhancements/fy0625/2005051548-b.html |
| 856 | 4 | 2 |
_3Publisher description _uhttp://www.loc.gov/catdir/enhancements/fy0625/2005051548-d.html |
| 856 | 4 | 2 |
_3Table of contents only _uhttp://www.loc.gov/catdir/enhancements/fy0625/2005051548-t.html |
| 942 |
_2ddc _cBK |
||
| 999 |
_c213295 _d213295 |
||